Estatísticas para República Dominicana

Clique aqui para jogar o quiz

Estatísticas Gerais

  • Esse quiz foi jogado 9 vezes
  • A pontuação média é 4 de 11

Estatísticas das Respostas

HintResposta% Correto
Qual é o seu idioma?Espanhol
88%
Qual é a sua religião?Cristianismo
75%
Onde fica?América do Norte
63%
Qual região do país é conhecida pelas suas praias?Punta Cana
50%
Qual é o seu código ISO?DOM
38%
Qual é a sua moeda?Peso dominicano
38%
Qual é o desporto mais popular?Beisebol
25%
Qual é a sua capital?São Domingos
13%
Qual é a sua bebida típica?Mamajuana
0%
Qual é o seu estilo musical?Merengue
0%
Qual é o seu ponto mais alto?Pico Duarte
0%

Distribuição das Pontuações

Percentil de Números Respondidos

Porcentagem de Pessoas com Cada Pontuação

Sua Pontuação Histórica

Você não jogou esse quiz